Els Arxius : l'experiència catalana / coordinació: Joan Domingo i Josep Matas l'experiència catalana / coordinació:
Descripción Física:
169 p. ; 24 cm
Materias:
Arxius -- Catalunya
MARC
| LEADER | 00000nam a2200000Ia 4500 | ||
|---|---|---|---|
| 001 | 11179 | ||
| 008 | 160829s1995 xx 000 0 cat d | ||
| 080 | |a A-1-252 | ||
| 245 | |a Els Arxius : |b l'experiència catalana / coordinació: |b Joan Domingo i Josep Matas | ||
| 260 | |a Barcelona : |b Associació d'Arxivers de Catalunya, |c 1995 | ||
| 300 | |a 169 p. ; |c 24 cm | ||
| 590 | |a A la portada : 10 aniversari | ||
| 650 | 0 | |a Arxius |z Catalunya |9 37959 | |
| 700 | 1 | |a Domingo, Joan |9 27365 | |
| 700 | |a Matas, Josep, coord. |9 27366 | ||
| 710 | 2 | |a Associació d'Arxivers de Catalunya |9 52966 | |
| 901 | |a Arxiu | ||
| 942 | |n 1 | ||
| 952 | |0 0 |1 0 |4 0 |6 A1252 |7 1 |9 44363 |a Arxiu |b Arxiu |d 2016-12-01 |l 0 |o A-1-252 |p 11179 |r 2016-12-01 00:00:00 |w 2016-12-01 |y ARXIU | ||
| 999 | |c 46944 |d 46944 | ||